| 000 | 004950000a22001810004500 | ||
|---|---|---|---|
| 020 | _a0-8361-1684-4 | ||
| 041 | 0 | _aENG | |
| 082 | 0 | 4 | _aG 261.7 E6195c |
| 100 | 1 | _aEnz, Jacob J. | |
| 245 | 1 | 0 | _aThe christian and warfare : The roots of pacifism in the Old Testament / Jacob J. Enz |
| 260 | _aScottdale, PA., USA : Herald | ||
| 300 | _a95 Pag | ||
| 001 | 6857 | ||
| 942 | _cBK | ||
| 999 |
_c37111 _d37111 |
||
| 336 |
_atexto _btxt _2rdacontent |
||
| 337 |
_2rdamedia _asin mediación _bn |
||
| 338 |
_2rdacarrier _avolumen _bnc |
||